| 000 | 01408nam a22002297a 4500 | ||
|---|---|---|---|
| 999 |
_c6342 _d6342 |
||
| 003 | DO-SdBJH | ||
| 005 | 20210720150341.0 | ||
| 008 | 210715b ||||| |||| 00| 0 spa d | ||
| 040 |
_aDO-SdBJH _bspa _cDO-SdBJH |
||
| 090 |
_aTG EGCEMA _b01604 2019 |
||
| 100 | 1 |
_aDe los Santos Pulinario, Randy Y. _esustentante |
|
| 245 | 1 | 0 |
_aAnálisis comparativo de la Política de Defensa Nacional con los países miembros de la CFAC-RD, período 2017-2019 / _c Randy Y. De los Santos Pulinario, asesores Víctor A. Peña Segura, Luis Salvador Rodríguez |
| 260 |
_aSanto Domingo Este : _bINSUDE, _c2019 |
||
| 300 | _axvi, 80 páginas, gráficas | ||
| 502 | _aTesis (Especialidad en Comando y Estado Mayor Aéreo). -- Instituto Superior para la Defensa (INSUDE). Escuela de Graduados de Estudios Aeronáuticos, 2019 | ||
| 504 | _aIncluye referencias bibliográficas e índices | ||
| 505 | _aAntecedentes históricos de la conferencia de las Fuerzas Armadas Centroamericana (CFAC). -- Políticas de Defensa Nacional que presentan los países que componen la CFAC. -- Características relevantes que presenta las políticas de Defensa Nacional de los diferentes países que componen la CFAC | ||
| 700 | 1 |
_aPeña Segura, Víctor A. _easesor |
|
| 700 | 1 |
_a Rodríguez, Luis Salvador _easesor |
|
| 830 | _aINSUDE. Escuela de Graduados de Estudios Aeronáuticos. Tesis y disertaciones académicas | ||
| 942 |
_2CL _cT |
||